MARC details
| 000 -LEADER |
| fixed length control field |
01299cam a2200349Ia 4500 |
| 001 - CONTROL NUMBER |
| control field |
75424701 |
| 003 - CONTROL NUMBER IDENTIFIER |
| control field |
OCoLC |
| 005 - DATE AND TIME OF LATEST TRANSACTION |
| control field |
20190115220014.0 |
| 008 - FIXED-LENGTH DATA ELEMENTS--GENERAL INFORMATION |
| fixed length control field |
061108s2006 sp a j 000 p spa d |
| 020 ## - INTERNATIONAL STANDARD BOOK NUMBER |
| International Standard Book Number |
8424113071 (hard) |
| 020 ## - INTERNATIONAL STANDARD BOOK NUMBER |
| International Standard Book Number |
9788424113070 (hard) |
| 035 ## - SYSTEM CONTROL NUMBER |
| System control number |
(OCoLC)75424701 |
| Canceled/invalid control number |
(OCoLC)150363305 |
| 040 ## - CATALOGING SOURCE |
| Original cataloging agency |
BNY |
| Transcribing agency |
BNY |
| Modifying agency |
BTCTA |
| -- |
SO$ |
| 041 ## - LANGUAGE CODE |
| Language code of text/sound track or separate title |
spa |
| 082 04 - DEWEY DECIMAL CLASSIFICATION NUMBER |
| Item number |
Cruz-Contar |
| 092 ## - LOCALLY ASSIGNED DEWEY CALL NUMBER (OCLC) |
| Filing suffix |
J- |
| Classification number |
861 |
| Item number |
CRUZ-CON |
| 100 1# - MAIN ENTRY--PERSONAL NAME |
| Personal name |
Cruz-Contarini, Rafael. |
| 245 10 - TITLE STATEMENT |
| Title |
De la A a la Z con Mozart y la musica / |
| Statement of responsibility, etc. |
Rafael Cruz-Contarini ; ilustrado por Rafael Salmeron. |
| 260 ## - PUBLICATION, DISTRIBUTION, ETC. (IMPRINT) |
| Place of publication, distribution, etc. |
Leon : |
| Name of publisher, distributor, etc. |
Everest, |
| Date of publication, distribution, etc. |
[2006] |
| 300 ## - PHYSICAL DESCRIPTION |
| Extent |
1 v. (unpaged) : |
| Other physical details |
col. ill. ; |
| Dimensions |
22 cm. |
| 490 1# - SERIES STATEMENT |
| Series statement |
Montana encantada. |
| 500 ## - GENERAL NOTE |
| General note |
"Primeros lectores"-- p. [4] of cover. |
| 520 ## - SUMMARY, ETC. |
| Summary, etc. |
Brief verses for each letter of the alphabet introduce the life of Mozart and the world of music. The music CD includes a compilation of compositions from the late eighteenth century. |
| 600 10 - SUBJECT ADDED ENTRY--PERSONAL NAME |
| Personal name |
Mozart, Wolfgang Amadeus, |
| Dates associated with a name |
1756-1791 |
| Form subdivision |
Juvenile poetry. |
| 650 #0 - SUBJECT ADDED ENTRY--TOPICAL TERM |
| Topical term or geographic name as entry element |
English language |
| General subdivision |
Alphabet |
| Form subdivision |
Juvenile poetry. |
| 650 #0 - SUBJECT ADDED ENTRY--TOPICAL TERM |
| Topical term or geographic name as entry element |
Music |
| Form subdivision |
Juvenile poetry. |
| 650 #0 - SUBJECT ADDED ENTRY--TOPICAL TERM |
| Topical term or geographic name as entry element |
Music |
| Geographic subdivision |
Europe |
| Chronological subdivision |
18th century. |
| 655 #7 - INDEX TERM--GENRE/FORM |
| Genre/form data or focus term |
Kits |
| Source of term |
local. |
| 700 1# - ADDED ENTRY--PERSONAL NAME |
| Personal name |
Salmeron, Rafael, |
| Dates associated with a name |
1972- |
| 830 #0 - SERIES ADDED ENTRY--UNIFORM TITLE |
| Uniform title |
Montana encantada. |
| 942 ## - ADDED ENTRY ELEMENTS (KOHA) |
| Koha item type |
Libro/Book |
| Source of classification or shelving scheme |
Dewey Decimal Classification |